MARC

LEADER 00000nam0a2200000 4500
001 363173
005 20241202165636.0
035 |a (RuTPU)RU\TPU\retro\20520 
090 |a 363173 
100 |a 20210921d1980 km y0rusy50 ca 
101 0 |a rus 
102 |a UA 
105 |a a z 001zy 
200 1 |a Радиоспектроскеопия слюд и амфиболов  |f Академия наук Украинской ССР, Институт геохимии и физики минералов 
210 |a Киев  |c Наукова думка  |d 1980 
215 |a 188 с.  |c ил. 
320 |a Библиогр.: с. 177-186 
606 1 |a Слюда  |x Минералогия  |2 stltpush  |3 (RuTPU)RU\TPU\subj\72321  |9 85882 
606 1 |a Амфиболы  |x Минералогия  |2 stltpush  |3 (RuTPU)RU\TPU\subj\72327  |9 85888 
610 1 |a радиоспектроскопические методы 
610 1 |a ядерный магнитный резонанс 
610 1 |a ЯМР 
610 1 |a структура 
610 1 |a ядерный гамма-резонанс 
610 1 |a энергетические характеристики 
675 |a 549.62  |v 4 
675 |a 549.64  |v 4 
712 0 2 |a Академия наук Украинской ССР  |b Институт геохимии и физики минералов  |7 ca  |8 rus  |c Киев  |c 1969-1993  |2 stltpush  |3 (RuTPU)RU\TPU\col\13747  |9 25770 
801 1 |a RU  |b 63413507  |c 20210921 
942 |c BK